Normal view
MARC view
- Iori, Tullia
Entry Personal Name
001 - CONTROL NUMBER
- control field: 32670
003 - CONTROL NUMBER IDENTIFIER
- control field: NUST
005 - DATE AND TIME OF LATEST TRANSACTION
- control field: 20201019100338.0
008 - FIXED-LENGTH DATA ELEMENTS
- fixed length control field: 201019|| aca||aabn | a|a d
040 ## - CATALOGING SOURCE
- Original cataloging agency: NUST
- Transcribing agency: NUST
100 ## - HEADING--PERSONAL NAME
- Personal name: Iori, Tullia
670 ## - SOURCE DATA FOUND
- Source citation: Work cat.: (NUST)353: Iori, Tullia., Pier luigi nervi :, 2009.
